000 00929cam a22002775a 4500
001 L137694
008 070424s2007 xxko f 000 0 eng d
020 _a9781860819629
035 _a(Sirsi) u137694
041 0 _aeng
050 0 4 _a693.97 $2 18
100 1 _aGaze, Christopher
245 0 0 _aModern methods of construction (MMC) in housing
_bplanning for manufactured housing
260 _aWatford
_bBRE
_c2007
300 _a6p.
_bill.
_c30cm.
490 0 _aBRE Information Paper
_v3/07 Part 2
490 0 _aModern methods of construction (MMC) in housing
_vPart 2
520 _aDiscusses key aspects of modern methods of construction (MMC). Focuses on how Registered Social Landlords need to plan for the use of MMC.
590 _aKA
651 4 _aUnited Kingdom
_y
690 _aBUILT ENVIRONMENT-CONSTRUCTION DESIGN
700 1 _aRoss, Keith
700 1 _aNowak, Fran
700 1 _aNolan, Eanna
942 _n0
999 _c106874
_d106874